00792 a2200169 45000010006000000050017000060080041000230030015000640400040000790800056001192450042001752640029002173000019002465050310002651000022005757000025005972521020260407155535.0260407a1974 arg spa dAR-UNSa-BCEJYS aAR-UNSa-BCEJYSbspacAR-UNSa-BCEJYS a519.2xProbabilidades y estadística matemática 10aElementos de inferencia estadística 1aMéxico :bLimusac1974 a300 p.c25 cm. a1. Procedimientos básicos - 2. Poblaciones y muestras - 3. Estimaciones - 4. Prueba de hipótesis - 5. Diferencias entre mdias - 6. Diferencia entre dos varancias o varias medias - 7. Relación entre dos conjuntos de medicions - 8. Pruebas para distribuciones - 9. Efectos combinados de dos variables.1 aKoosis, Donald J.1 aColadarci, Arthur P.